Business guide to Shanghai and the Yangtze River Delta : 2006-2007.
| Format: | Book |
|---|---|
| Published: |
Hong Kong:
China Briefing Media,
2004.
|
| Edition: | 2nd ed.. |
| Subjects: |
| LEADER | 00559cam a2200181 7i4500 | ||
|---|---|---|---|
| 001 | 0000017269 | ||
| 005 | 20220119090000.0 | ||
| 020 | 0 | 0 | |a 988-98673-2-4 |
| 090 | 0 | 0 | |a CHIN 338.7 |b BUS |
| 245 | 0 | 0 | |a Business guide to Shanghai and the Yangtze River Delta : |b 2006-2007. |
| 250 | 0 | 0 | |a 2nd ed.. |
| 260 | 0 | 0 | |a Hong Kong: |b China Briefing Media, |c 2004. |
| 300 | # | # | |a 390 p. |
| 650 | 0 | 0 | |a Business -- |z China |
| 650 | 0 | 0 | |a Business -- |z Shanghai |
| 650 | 0 | 0 | |a Business -- |z Yangtze River Delta |
| 651 | 0 | 0 | |a China |
| 999 | |a 0000017888 |b Book |c Countries |e Business Information Centre | ||